000 00590nam a2200193Ia 4500
005 20250923145257.0
008 008 250917s9999 xx 000 0 eng d
037 _aTextual
040 _aDSWL
_beng
_cDSWL
041 _aeng
_2eng
084 _aY:411:5(Z).2'N63tN64.1:1
_qDSWL
245 0 _aReport of the Study Team on Profile
_cby Planning Commission, India
260 _aNew Delhi
_bPlanning Commission Govt. of India
_c1964
300 _aix,563p.
365 _aINR
_b2
925 _g2
942 _cTEXL
_hY:411:5(Z).2'N63tN64.1:1
999 _c1449360
_d1449360